Fundamentals of multimedia (Record no. 1207)
[ view plain ]
| 000 -LEADER | |
|---|---|
| fixed length control field | 00365nam a2200145Ia 4500 |
| 008 - FIXED-LENGTH DATA ELEMENTS--GENERAL INFORMATION | |
| fixed length control field | 191201s2005 xx 000 0 und d |
| 082 ## - DEWEY DECIMAL CLASSIFICATION NUMBER | |
| Classification number | 006.7 |
| Item number | LIF |
| 100 ## - MAIN ENTRY--PERSONAL NAME | |
| Personal name | Le, Ze-Nian and Drew, Mark S |
| 245 #0 - TITLE STATEMENT | |
| Title | Fundamentals of multimedia |
| 250 ## - EDITION STATEMENT | |
| Edition statement | 2nd |
| 260 ## - PUBLICATION, DISTRIBUTION, ETC. (IMPRINT) | |
| Place of publication, distribution, etc | N.Delhi |
| Name of publisher, distributor, etc | Pearson Education |
| Date of publication, distribution, etc | 2005 |
| 300 ## - PHYSICAL DESCRIPTION | |
| Extent | 560 |
| 650 ## - SUBJECT ADDED ENTRY--TOPICAL TERM | |
| Topical term or geographic name as entry element | B.Tech(CSE) |
| 942 ## - ADDED ENTRY ELEMENTS (KOHA) | |
| Source of classification or shelving scheme | Dewey Decimal Classification |
| Koha item type | Text Books |
| 942 ## - ADDED ENTRY ELEMENTS (KOHA) | |
| -- | 1 |
| Withdrawn status | Lost status | Source of classification or shelving scheme | Damaged status | Not for loan | Collection code | Home library | Current library | Date acquired | Source of acquisition | Cost, normal purchase price | Bill Number | Total Checkouts | Full call number | Acc. no. / Barcode | Date last seen | Date last borrowed | Bill Date | Koha item type |
|---|---|---|---|---|---|---|---|---|---|---|---|---|---|---|---|---|---|---|
| Dewey Decimal Classification | B.Tech(CSE) | PIET C-LIBRARY | PIET C-LIBRARY | 12/08/2006 | M/s UBS Publishers, New Delhi | 299.00 | 125375 | 4 | 006.7 LIF | 1747 | 22/08/2024 | 14/08/2024 | 18/08/2005 | Text Books | ||||
| Dewey Decimal Classification | B.Tech(CSE) | PIET C-LIBRARY | PIET C-LIBRARY | 12/08/2006 | M/s UBS Publishers, New Delhi | 299.00 | 125375 | 2 | 006.7 LIF | 1748 | 06/11/2023 | 03/11/2023 | 18/08/2005 | Text Books | ||||
| Dewey Decimal Classification | B.Tech(CSE) | PIET C-LIBRARY | PIET C-LIBRARY | 12/08/2006 | M/s UBS Publishers, New Delhi | 299.00 | 125375 | 1 | 006.7 LIF | 1749 | 09/09/2024 | 29/08/2024 | 18/08/2005 | Text Books |